| 000 | 00624nam a2200193Ia 4500 | ||
|---|---|---|---|
| 005 | 20250508163453.0 | ||
| 008 | 008 250505s9999 xx 000 0 hin d | ||
| 037 | _aDissertations | ||
| 040 |
_aFEDL _beng _cFEDL |
||
| 041 |
_ahin _2eng |
||
| 084 |
_a491.4207, BHA/DI _qFEDL |
||
| 100 |
_aBhasin Amarjit _9775401 |
||
| 245 | 0 | _aDelhi ke secondary schoolon mein Punjabi ke vidyarthiyon ki gurmukhi vartani mein chetriye bhasha (hindi) ka prabhav | |
| 260 | _c1992 | ||
| 300 | _a64p. | ||
| 546 | _aM.Ed. Dissertation (Delhi University) | ||
| 942 |
_cDIS _h491.4207, BHA/DI |
||
| 999 |
_c1383503 _d1383503 |
||